| 000 | 00524nam a2200193Ia 4500 | ||
|---|---|---|---|
| 999 |
_c14683 _d14683 |
||
| 003 | OSt | ||
| 005 | 20201102122521.0 | ||
| 008 | 190216s9999||||xx |||||||||||||| ||und|| | ||
| 020 | _a9789350295199 | ||
| 040 | _coclc | ||
| 082 |
_a823.92 _bADI/L |
||
| 100 |
_aAdiga, Aravind _95540 |
||
| 245 | 0 |
_aLast Man In Tower / _cAravind Adiga |
|
| 250 | _a2nd Edi | ||
| 260 |
_bHarper Collins, _c2012. _aNew delhi: |
||
| 300 | _a421p | ||
| 650 | _aEnglish | ||
| 942 |
_cBK _2ddc _h823.92 _iADI/L _k823.92 _mADI/L |
||